|
|
|
|
| LEADER |
00000naa a2200000uu 4500 |
| 001 |
vtls010931894 |
| 003 |
SK-MaSNL |
| 005 |
20260302122324.0 |
| 008 |
210910|2001 xo |||||||||||||||||eng| |
| 015 |
|
|
|a SNBRA
|
| 035 |
|
|
|a (urnnbn)urn:nbn:sk:snk:ar-a0b4ht
|
| 035 |
|
|
|a (uuid)1e09d9ac-2fed-4d18-8ea5-fb6989f13ec9
|
| 035 |
|
|
|a urn:nbn:sk:snk-aatwze
|
| 040 |
|
|
|a SNKBUCL
|b slo
|c SNKBUCL
|e AACR2
|
| 041 |
0 |
|
|a eng
|
| 044 |
|
|
|a xo
|c SK
|
| 100 |
1 |
|
|a Braunerová, Gabriela
|4 aut
|9 805734
|
| 245 |
1 |
0 |
|a Synthesis of Substituted Phenylguanidinium Salts and their Effects on Chlorella Vulgaris
|c Gabriela Braunerová, Karel Palát, Katarína Kráľová
|
| 700 |
1 |
|
|a Palát, Karel,
|d 1957-
|4 aut
|9 194142
|
| 700 |
1 |
|
|a Kráľová, Katarína,
|d 1944-
|4 aut
|9 220290
|
| 773 |
0 |
|
|t 53. zjazd chemických spoločností
|d Zvolen : Bratia Sabovci, 2001, 2001
|g S. 203-204
|z 8089029248
|
| 958 |
|
|
|a OND
|
| 958 |
|
|
|a article11
|
| 958 |
|
|
|a chapter
|
| 999 |
|
|
|c 1277458
|d 1279388
|